| 000 | 00942nam a2200289 a 4500 | ||
|---|---|---|---|
| 001 | 46465 | ||
| 003 | BD-RjUL | ||
| 005 | 20211209054145.0 | ||
| 008 | 160802s1963 enk 001 0 eng d | ||
| 035 | _a(BD-RjUL)46583 | ||
| 040 |
_aNZOC _beng _cNZOC _dNZOC |
||
| 041 | _aeng | ||
| 082 |
_a342.669029 _bODN 1963 |
||
| 100 | 1 |
_aOdumosu, Oluwole I. _q(Oluwole Idowu) _9141817 |
|
| 245 | 1 | 4 |
_aThe Nigerian constitution : _bhistory and development / _cOluwole I. Odumosu |
| 260 |
_aLondon : _bSweet & Maxwell, _c1963. |
||
| 300 |
_axix, 407 p. ; _c21 cm. |
||
| 504 | _aBibliographical footnotes. | ||
| 610 | 1 | 0 |
_aNigeria. _9141823 |
| 650 | 0 |
_aConstitutional history _xNigeria. _9141820 |
|
| 650 | 0 |
_aConstitutional law _zNigeria. _9140229 |
|
| 651 | 0 |
_aNigeria _xConstitutional history. _9141821 |
|
| 710 | 1 |
_aNigeria. _kConstitution. _9141822 |
|
| 942 |
_2ddc _cBK |
||
| 999 |
_c46465 _d46465 |
||